Joueurs du mois de Ligue 1 (2023-2024) - Statistiques

Statistiques générales
  • Ce quiz a été pris 142 fois
  • Le résultat moyen est 7 sur 9
Statistiques - réponses
Saison Club Nationalité Joueur Mois % Correct
2023-2024 Paris-Saint-Germain France Kylian Mbappé Octobre
100%
2023-2024 Paris-Saint-Germain France Kylian Mbappé Novembre
100%
2023-2024 Olympique de Marseille Gabon Pierre-Emerick Aubameyang Décembre
93%
2023-2024 Olympique Lyonnais France Alexandre Lacazette Avril
91%
2023-2024 AS Monaco Japon Takumi Minamino Août
81%
2023-2024 OGC Nice Pologne Marcin Bulka Septembre
72%
2023-2024 Stade Rennais France Martin Terrier Janvier
70%
2023-2024 Lille OSC Kosovo Edon Zhegrova Mars
66%
2023-2024 Stade Brestois France Pierre Lees-Melou Février
64%
Aucun quiz correspondant
Distribution des résultats
% des personnes avec chaque résultat
Percentile par nombre de réponses
Votre historique - résultats
Vous n’avez pas pris ce quiz